Responses for show #4542 - Tuesday, May 11, 2004

2004 Power Players Week game 2.
From Washington, D.C.

Contestants

Kweisi Mfume, a president from the NAACP

Maria Bartiromo, a business anchor from CNBC

Anderson Cooper, a host from CNN's Anderson Cooper 360°

Jeopardy! Round responses

TENNIS-Y WILLIAMS
DAUGHTERS OF THE AMERICAN REVOLUTION
THE SUPREME COURT
THE CAPITAL
(Alex: A category about journalists in the line of fire, we call it...)
BEARING WITNESS
N"AA"CP
    $200 14
Los Angeles

Kweisi
    $200 12
(Kweisi: What is Montibello?)

Monticello

Kweisi
Triple Stumper
    $200 2
Equal

Anderson
    $200 15
Berlin

Anderson
    $200 1
The Associated Press

Kweisi
    $200 7
an aardvark

Anderson
    $400 19
The Simpsons

Maria
    $400 13
(Anderson: Who is Lincoln?)

John Adams

Anderson
Triple Stumper
    $400 16
(Maria: What is...[time]?)
....
(Alex: Minute to go now.)

Beijing

AndersonMaria
    $400 3
Vietnam

Anderson
    $400 8
Kwanzaa

Anderson
    $600 20
the Washington Redskins

Anderson
    $600 17
(Anderson: What is Baghdad?)
...
(Anderson: Idiot!)
(Alex: You were thinking about the Tigris.)

Rome

Anderson
Triple Stumper
    $600 4
D-Day/Normandy

Anderson
    $600 9
(Kweisi: "AA", right?)

Aaron

AndersonKweisi
    $800 21
[The end-of-round signal sounds.]
...
(Kweisi: [Referring to his signaling device] Does this work?)

Wimbledon

Anderson
    $800 18
Brussels

Maria
    $800 5
Abraham Lincoln

Triple Stumper
    $800 10
(Maria: What is Vogue?)

Harper's Bazaar

AndersonMaria
    $1000 6
Daniel Pearl

Anderson
    $1000 11
Bataan

Anderson

Scores at the first commercial break (after clue 9):

Anderson Maria Kweisi
$3,400 $0 -$400

Scores at the end of the Jeopardy! Round:

Anderson Maria Kweisi
$6,200 $0 -$400

Double Jeopardy! Round responses

TENNESSEE WILLIAMS
(Alex: The real one now.)
WASHINGTON POST CARDS
THE MOLE
OH, THAT MARIA!
HISTORIC POLITICAL SCANDALS
EPONYMS
    $400 10
Columbus

Anderson
    $400 2
Archie Bunker

Anderson
    $400 9
(Maria: What are computer worms?)

earthworms

Maria
Triple Stumper
    $400 5
Maria Shriver

Maria
    $400 1
Japan

Kweisi
    $400 18
(Alex: We have a minute to go, Anderson.)

Salisbury steak

Triple Stumper
    $800 11
the Iguana

Anderson
    $800 19
(Kweisi: What is "You can fool some of the people some of the time"?)
(Alex: No, I just needed one word, and you gave that one word, it is "fool", so I'm pulling it out, out of everything you said, and I'm going to give you a correct.)
(Kweisi: Thank you, thank you... that was hard!)

fool

Kweisi
    $800 6
Maria Callas

Anderson
    $800 3
West Germany

Anderson
    $800 20
the Doberman Pinscher

Anderson
    $1200 12
(Kweisi: What is the Godfather?)

Stanley Kowalski

Kweisi
Triple Stumper
    $1200 21
(Anderson: What is the Supreme Court?)
[The end-of-round signal sounds.]

Clarence Thomas

AndersonKweisi
    $1200 15
West Side Story

Anderson
    $1200 4
Great Britain

Kweisi
    $1600 13
(Anderson: What is "Who's Afraid of Virginia Woolf?")

Cat on a Hot Tin Roof

Anderson
Triple Stumper
    $2,000 16
Maria von Trapp

Anderson
    $1600 7
Canada

Anderson
    $2000 14
The Glass Menagerie

Triple Stumper
    $2000 17
Maria Ouspenskaya

Triple Stumper
    $2000 8
Paris

Kweisi

Scores at the end of the Double Jeopardy! Round:

Anderson Maria Kweisi
$12,200 $0 $4,000
(lock game)

[wagering suggestions for these scores]

Final Jeopardy! Round responses

METALS
(Alex: It's a fascinating bit of information because this element is part of our daily lives.)
MariaWhat is platinum
$700
KweisiWhat is plutonium
$500
AndersonWhat Coltan
$1,000
gold

Final scores:

Anderson Maria Kweisi
$11,200 $300 $3,500
Winner: $50,000 to the American Heart Association 3rd place: $20,000 to the National Italian American Foundation & Columbus Citizen’s Foundation 2nd place: $20,000 to Big Brothers Big Sisters of Central Maryland

Game dynamics:

Coryat scores:

Anderson Maria Kweisi
$11,800 $0 $4,000
22 R
(including 1 DD),
4 W
3 R,
3 W
7 R,
3 W

Combined Coryat: $15,800

The J! Archive is created by fans, for fans. The Jeopardy! game show and all elements thereof, including but not limited to copyright and trademark thereto, are the property of Jeopardy Productions, Inc. and are protected under law. This website is not affiliated with, sponsored by, or operated by Jeopardy Productions, Inc. Join the discussion at JBoard.tv.